| 000 | 01084nam a2200349Ia 4500 | ||
|---|---|---|---|
| 003 | OSt | ||
| 005 | 20221007121142.0 | ||
| 006 | a|||||r|||| 00| 0 | ||
| 007 | ta | ||
| 008 | 221006b |||||||| |||| 00| 0 eng d | ||
| 020 | _a9783642116377 (hbk) | ||
| 024 | _a16 | ||
| 037 | _cTextual | ||
| 040 |
_aBDL _cBDL _beng |
||
| 041 |
_2eng _aeng |
||
| 082 | _aJB,14f, P6;Q1 Carb | ||
| 100 |
_aSchweingruber Fritz Hans _9710815 |
||
| 245 | 0 |
_aAtlas of stem anatomy in herbs, shrubs and trees _b Borner Annett Schulze Ernst-Detlef |
|
| 260 |
_aBerlin _bSpringer-Verlag _c2011 |
||
| 300 |
_aviii; 495p. _ccm. |
||
| 490 | _vVol.1 | ||
| 500 | _aReferences 479-484p. | ||
| 650 |
_a Atlas of stem anatomy _9710816 |
||
| 650 |
_a Herbs _9710817 |
||
| 650 |
_a Shrubs _9710818 |
||
| 650 |
_a Trees _9710162 |
||
| 650 | _aBotany | ||
| 700 |
_a Borner Annett _9710819 |
||
| 700 |
_a Schulze Ernst-Detlef _9710820 |
||
| 942 |
_hJB,14f, P6;Q1 Carb _cTEXL _2CC |
||
| 999 |
_c1208495 _d1208495 |
||